Wszystkie lokacje w Among Us - Statystyki

Ogólne statystyki
  • Ten quiz został rozwiązany 8 razy
  • Średni wynik to 40 z 83
Statystyki odpowiedzi
Mapa Answe % Poprawnych
The Skeld Kawiarnia
100%
Mira HQ Kawiarnia
100%
The Fungle Kawiarnia
100%
The Skeld Komunikacja
100%
Mira HQ Komunikacja
100%
Polus Komunikacja
100%
The Airship Komunikacja
100%
The Fungle Komunikacja
100%
The Skeld Admin
86%
Mira HQ Admin
86%
Polus Admin
86%
The Skeld Bronie
86%
Polus Bronie
86%
The Skeld Dolny Silnik
86%
The Skeld Electrical
86%
Polus Electrical
86%
The Airship Electrical
86%
The Skeld Górny Silnik
86%
The Fungle Górny Silnik
86%
The Skeld Magazyn
86%
Mira HQ Magazyn
86%
Polus Magazyn
86%
The Fungle Magazyn
86%
The Skeld Medbay
86%
Mira HQ Medbay
86%
Polus Medbay
86%
The Skeld Nawigacja
86%
The Skeld O2
86%
Polus O2
86%
The Skeld Reaktor
86%
Mira HQ Reaktor
86%
The Fungle Reaktor
86%
The Skeld Security
86%
Polus Security
86%
The Airship Security
86%
The Skeld Shields
86%
Mira HQ Biuro
71%
Polus Biuro
71%
Mira HQ Laboratorium
71%
Polus Laboratorium
71%
The Fungle Laboratorium
71%
Mira HQ Balkon
43%
Polus Boiler Room
43%
Polus Specimen Room
43%
Mira HQ Dekontaminacja
29%
Polus Dropship
29%
The Fungle Dropship
29%
Mira HQ Korytarz
29%
Polus Outside
29%
The Airship Outside
29%
Polus Dolna Dekontaminacja
14%
The Airship Gap Room
14%
Polus Górna Dekontaminacja
14%
The Airship Ładownia
14%
Mira HQ Launchpad
14%
Mira HQ Locker Room
14%
The Fungle Plaża
14%
Mira HQ Szklarnia
14%
The Fungle Szklarnia
14%
The Airship Zbrojownia
14%
The Airship Brig
0%
The Fungle Dok
0%
The Fungle Dżungla
0%
The Airship Główna Hala
0%
The Airship Hala z Portretami
0%
The Fungle Klify
0%
The Airship Kokpit
0%
The Airship Kuchnia
0%
The Fungle Kuchnia
0%
The Fungle Lookout
0%
The Airship Lounge
0%
The Airship Maszynownia
0%
The Airship Medical
0%
The Fungle Mining Pot
0%
The Airship Pokój Spotkań
0%
The Fungle Pokój Spotkań
0%
The Airship Prysznice
0%
The Airship Records
0%
The Airship Skarbiec
0%
The Fungle Splash Zone
0%
The Fungle The Dorm
0%
The Airship Viewing Deck
0%
The Airship Wentylacja
0%
Nie znaleziono quizów pasujących do podanych kryteriów
Rozkład punktacji
Procent ludzi z każdym wynikiem
Percentyl według liczby udzielonych odpowiedzi
Twoja historia wyników
Nie rozwiązałeś tego quizu